000 00316nam a2200121Ia 4500
008 190216s9999||||xx |||||||||||||| ||und||
100 _aRavindran T K
245 0 _aInstitutions And Movements In Kerala History
260 _bCharithram Publications
_c1978
300 _a158p
650 _aKerala History
942 _cBK
999 _c19135
_d19135